Statistics for Black Sabbath - Official Members

Click here to take the quiz!

General Stats

  • This quiz has been taken 139 times
  • The average score is 8 of 12

Answer Stats

HintAnswer% Correct
Vocals (1969-1978 + 1997-2005 + 2011-2017)Ozzy Osbourne
97%
Bass, Synth (1969-1984 + 1990-1995 + 1997-2005 + 2011-2017)Geezer Butler
94%
Guitar, Piano (1969-2005 + 2011-2017)Tony Iommi
94%
Drums, Backing Vocals (1969-1980)Bill Ward
89%
Vocals (1979-1983 + 1990-1992)Ronnie James Dio
88%
Vocals (1984)Ian Gillan
66%
Drums (1981-1983 + 1991)Vinny Appice
52%
Vocals (1987-1990 + 1993-1995)Tony Martin
50%
Drums (1988-1991 + 1994-1995)Cozy Powell
44%
Vocals (1985-1986)Glenn Hughes
43%
Keys (1980-2004)Geoff Nichols
29%
Drums (1983-1984)Bev Bevan
27%

Score Distribution

Percentile by Number Answered

Percent of People with Each Score

Your Score History

You have not taken this quiz